Network recovery: protection and restoration of optical, SONET-SDH, IP, and MPLS

Saved in:
Bibliografiske detaljer
Main Authors: Vasseur, Jean-Philippe (Author), Pickavet, Mario (Author), Demeester, Piet (Author)
Format: Bog
Sprog:engelsk
Udgivet: San Francisco Morgan Kaufmann 2004
Serier:The Morgan Kaufmann Series in Networking
Fag:
Tags: Tilføj Tag
Ingen Tags, Vær først til at tagge denne postø!

MARC

LEADER 00000cam a2200000 a 4500
001 UCF0260
003 CL-VaPUC
008 120510e20040000US |||||||||||||||||eng|d
020 |a 012715051X 
082 0 4 |a 621.38215  |b VAS  |2 21 
100 0 |a Vasseur, Jean-Philippe  |e author  |9 562131 
700 0 |a Pickavet, Mario  |e author  |9 562132 
700 0 |a Demeester, Piet  |e author  |9 562133 
245 1 0 |a Network recovery: protection and restoration of optical, SONET-SDH, IP, and MPLS 
300 |a 521 p 
942 |c BK 
945 |d 20120510 00:00:00  |a cmena 
260 |a San Francisco  |b Morgan Kaufmann  |c 2004 
650 7 |a REDES COMPUTACIONALES  |2 CL-VaPUC  |9 454213 
650 0 |a Telecomunicaciones   |9 257195 
650 0 |a Arquitectura de redes   |9 472170 
650 0 |a Procesamiento de señales   |9 260702 
650 0 |a Protocolos de redes   |9 464559 
650 0 |a Tráfico  |9 263653 
583 |a last modification  |c 20170823 12:44:32  |k Rodrigo Vera 
490 0 |a The Morgan Kaufmann Series in Networking 
999 |c 347697  |d 347695 
952 |0 0  |1 0  |4 0  |6 621_382150000000000_VAS_2004  |7 0  |8 A  |9 449204  |a BIBING  |b BIBING  |d 2019-11-22  |i 4868811  |o 621.38215 VAS 2004  |p 4868811  |r 2025-01-20  |w 2019-11-22  |y BK  |k EIE